Unrestricted access : new and classic short fiction (Record no. 211754)

MARC details
000 -LEADER
fixed length control field 00610nam a2200217Ia 4500
003 - CONTROL NUMBER IDENTIFIER
control field OSt
005 - DATE AND TIME OF LATEST TRANSACTION
control field 20251211094600.0
008 - FIXED-LENGTH DATA ELEMENTS--GENERAL INFORMATION
fixed length control field 210719s2020 xx 000 0 und d
020 ## - INTERNATIONAL STANDARD BOOK NUMBER
International Standard Book Number 9780063083165
040 ## - CATALOGING SOURCE
Transcribing agency AL
041 ## - LANGUAGE CODE
Language code of text/sound track or separate title eng
082 ## - DEWEY DECIMAL CLASSIFICATION NUMBER
Classification number 813.54 ROLU
100 ## - MAIN ENTRY--PERSONAL NAME
Personal name Rollins James
9 (RLIN) 248776
245 ## - TITLE STATEMENT
Title Unrestricted access : new and classic short fiction
260 ## - PUBLICATION, DISTRIBUTION, ETC.
Place of publication, distribution, etc. New York
Name of publisher, distributor, etc. Harper & Collins Publishers
Date of publication, distribution, etc. 2020
300 ## - PHYSICAL DESCRIPTION
Extent 390p
Other physical details PB
365 ## - TRADE PRICE
Price amount 499
Currency code Rs
650 ## - SUBJECT ADDED ENTRY--TOPICAL TERM
Topical term or geographic name entry element American English Fiction
9 (RLIN) 248777
906 ## - LOCAL DATA ELEMENT F, LDF (RLIN)
a access:new ; classic ; fiction ; short ; Unrestricted
942 ## - ADDED ENTRY ELEMENTS (KOHA)
Source of classification or shelving scheme Dewey Decimal Classification
Koha item type Book
Holdings
Withdrawn status Lost status Source of classification or shelving scheme Damaged status Not for loan Collection code Home library Current library Date acquired Source of acquisition Cost, normal purchase price Total Checkouts Full call number Barcode Date last seen Date last checked out Cost, replacement price Price effective from Koha item type
    Dewey Decimal Classification     Commerce St Aloysius Library St Aloysius Library 02/09/2021 General Annual | Navakarnataka Publication Pvt Ltd Mangalore 499.00 3 813.54 ROLU 074568 05/09/2023 05/03/2023 399.20 07/19/2021 Book